| 000 | 00812nam a2200229 a 4500 | ||
|---|---|---|---|
| 001 | 80265 | ||
| 003 | BD-RjUL | ||
| 005 | 20220831101628.0 | ||
| 008 | 220831s2022 bg ||||| |||| 00| 0 ben d | ||
| 020 | _a9789849593362 | ||
| 035 | _a(BD-RjUL)80265 | ||
| 040 |
_aBD-RjUL _beng _cBD-RjUL |
||
| 041 | _aben | ||
| 082 |
_223 _a954.92 _bRUS 2022 |
||
| 100 |
_aরুমি, ওমর খালেদ _94557 |
||
| 245 | 1 | 0 |
_a স্বাধীনতার গল্প বলি / _cওমর খালেদ রুমি |
| 260 |
_aঢাকা : _bরোদেলা প্রকাশনী, _c২০২২ |
||
| 300 |
_a১৫৮ পৃ.: _bচিত্রসমূহ; _c২২ সেমি. |
||
| 650 |
_aবাংলাদেশ _xইতিহাস |
||
| 650 |
_aBangladesh _xHistory |
||
| 942 |
_2ddc _cBK |
||
| 999 |
_c80265 _d80265 |
||